000 01147nam a22002417a 4500
001 3059
003 FISKH
005 20250403085011.0
008 240201b cb ||||| |||| 00| 0 eng d
020 _a9780500300565
040 _aFISKH
_beng
_cFISKH
_dFISKH
050 _aGN281.T4613
082 _a573.3
100 _aThomas, Herbert
245 _aThe first humans :
_bThe search for our origins /
_cHerbert Thomas
250 _aThis edition published in 1995
260 _aLondon :
_bNew Horizons,
_c1994
300 _a159 pages :
_bcolor illustrations ;
_c18 cm
520 _aWho are we? Where did we come from? What makes us human? The whole puzzle of our early life on earth is gradually being pieced together from fragments of bone, skulls and primitive tools dispersed throughout the world. The trail leads back nearly five million years. Here is a history of human evolution that reveals the very latest finds and thinking - discoveries that can help us to understand our past, our present and even future.
650 _aArchaeology
_vNon-fiction
_xEvolution
650 _aHuman Origins
_vScience
_xPrehistory
942 _2ddc
_cBK
_n0
999 _c3059
_d3059